000 00474nam a2200181Ia 4500
005 20250317130221.0
008 008 250317s9999 xx 000 0 eng d
037 _aTextbook
040 _aFMSL
_beng
_cFMSL
041 _aeng
_2eng
084 _qFMSL
100 _aSaharay H K
245 0 _aLabour and social laws in India
260 _aCalcutta
_bCalcutta, Eastern Law House
_c1988
300 _a900p
942 _cTB
999 _c1262820
_d1262820